000 00980nam a2200229Ia 4500
999 _c36878
_d36878
001 2828
003 GE_BSU
005 20190611211113.0
008 181216s2004||||ge |||||||||||||| ||geo||
020 _a9994078704
040 _cGE_BSU
041 _ageo
080 _a94(479.22) ჟ–84
100 _aჟორდანია, რეჯებ
_92430
245 _aგავიზარდე ლევილში... /
_cმთარგმნ.: ირინა ლაბაძე ; რედ.: გიორგი ეკიზაშვილი.
264 _aთბილისი :
_b''გლობალი–პრინტი'',
_c2004.
300 _a300 გვ. :
_bილ.;
_c20 სმ.
653 _aქართველი ემიგრანტები
700 _aლაბაძე, ირინა
_eმთარგმნელი
_92431
700 _aეკიზაშვილი, გიორგი
_eრედაქტორი
_92432
942 _cBK
_2udc